Nesprávná sestra /
Spletitý psychologický thriller o závisti a síle pokrevních pout.
Uloženo v:
| Hlavní autor: | |
|---|---|
| Další autoři: | |
| Médium: | E-kniha |
| Jazyk: | Czech |
| Vydáno: |
Praha :
Kniha Zlín,
2026
|
| Vydání: | Vydání první |
| Témata: | |
| Tagy: |
Žádné tagy |
| LEADER | 02516cam a2200469 i 4500 | ||
|---|---|---|---|
| 001 | 312913 | ||
| 003 | CZ PrSKC | ||
| 005 | 20260601215730.0 | ||
| 007 | ta | ||
| 008 | 260220s2026 xr g 000 f cze | ||
| 015 | |a cnb003741992 | ||
| 020 | |a 9788076629974 |q (brožováno) : |c Kč 449,00 | ||
| 040 | |a ABG001 |b cze |d OLA001 |e rda | ||
| 041 | 1 | |a cze |h eng | |
| 072 | 7 | |a 821.111-3 |x Anglická próza, anglicky psaná |2 Konspekt | |
| 080 | |a 821.111-31 |2 MRF | ||
| 080 | |a (0:82-312.4) |2 MRF | ||
| 100 | 1 | |a Douglas, Claire, |d 1974- |7 xx0307505 |4 aut | |
| 240 | 1 | 0 | |a Wrong sister. |l Česky |
| 245 | 1 | 0 | |a Nesprávná sestra / |c Claire Douglas ; přeložila Petra Krámková |
| 250 | |a Vydání první | ||
| 264 | 1 | |a Praha : |b Kniha Zlín, |c 2026 | |
| 300 | |a 367 stran ; |c 20 cm | ||
| 336 | |a text |b txt |2 rdacontent | ||
| 337 | |a bez média |b n |2 rdamedia | ||
| 338 | |a svazek |b nc |2 rdacarrier | ||
| 500 | |a Přeloženo z angličtiny | ||
| 520 | 2 | |a Spletitý psychologický thriller o závisti a síle pokrevních pout. |b Tasha žije ve stínu své starší sestry Alice - ta má bohatého manžela, kariéru a život jako z magazínu. Týdenní výměna rolí se zdá jako skvělý nápad: Alice a Kyle se postarají o děti v Bristolu, zatímco Tasha se svým mužem si odpočinou v benátském luxusu. Jenže idylka se rychle mění v noční můru. Alice skončí v nemocnici, Kyle je mrtvý a Tasha dostává mrazivý vzkaz: Měla jsi to být ty. Co se vlastně skutečně odehrálo? Pátrání po pravdě zavede obě sestry až na hranici, ze které nemusí být návratu... Nakladatelská anotace. | |
| 655 | 7 | |a anglické romány |7 fd131814 |2 czenas | |
| 655 | 7 | |a detektivní romány |7 fd132010 |2 czenas | |
| 655 | 7 | |a thrillery (romány) |7 fd184206 |2 czenas | |
| 655 | 9 | |a English fiction |2 eczenas | |
| 655 | 9 | |a detective novels |2 eczenas | |
| 655 | 9 | |a thrillers (novels) |2 eczenas | |
| 700 | 1 | |a Krámková, Petra |7 xx0212621 |4 trl | |
| 710 | 2 | |a Nakladatelství Kniha Zlin |7 xx0231594 |4 pbl | |
| 900 | |a ABA001 |b 20 | ||
| 928 | 9 | |a Albatros Media - Kniha Zlin | |
| 044 | |a xr | ||
| 910 | |a RBIT002 | ||
| 998 | |d 424999 |a https://core.palmknihy.cz/api/books/424999/cover?tabqcl |b https://core.palmknihy.cz/api/books/424999/cover/400?tabqcl |c https://core.palmknihy.cz/api/books/424999/cover/50?tabqcl |e 2030-03-07 |g 376 |i 9788076629974 |j https://core.palmknihy.cz/api/books/424999/preview.epub |k https://core.palmknihy.cz/api/books/424999/preview.pdf |l |q 49 |r 1 |s https://www.palmknihy.cz/kniha/424999 |t ebook |y 2026 |z 0 | ||
| 999 | |d 312911 | ||